LEADER 02267nam0 2200529 i 450 001 VAN00103083 005 20260407015132.906 017 70$2N$a9783034807302 100 $a20151020d2014 |0itac50 ba 101 $aeng 102 $aCH 105 $a|||| ||||| 181 $ai$b e 182 $ab 183 $acr 200 1 $aCardinal invariants on Boolean algebras$fJ. Donald Monk 205 $a2. rev. ed 210 $aBasel$cBirkhäuser$cSpringer$d2014 215 $aVII, 573 p.$cill.$d24 cm 410 1$1001VAN00029329$12001 $aProgress in mathematics$1210 $aBoston [etc.]$cBirkhäuser$d1970-$v142 500 1$3VAN00240254$aCardinal invariants on Boolean algebras$9375229 606 $a03E10$xOrdinal and cardinal numbers [MSC 2020]$3VANC024494$2MF 606 $a03Exx$xSet theory [MSC 2020]$3VANC019939$2MF 606 $a03G05$xLogical aspects of Boolean algebras [MSC 2020]$3VANC024493$2MF 606 $a06Exx$xBoolean algebras (Boolean rings) [MSC 2020]$3VANC024460$2MF 606 $a54A25$xCardinality properties (cardinal functions and inequalities, discrete subsets) [MSC 2020]$3VANC024202$2MF 610 $aBoolean algebra$9KW:K 610 $aCardinal functions$9KW:K 610 $aCellularity$9KW:K 610 $aIndependence$9KW:K 610 $aReaping number$9KW:K 620 $aCH$dBasel$3VANL002076 700 1$aMonk$bJ. Donald$3VANV044025$035706 712 $aBirkhäuser $3VANV108193$4650 712 $aSpringer $3VANV108073$4650 790 1$aMonk, James Donald$zMonk, J. Donald$3VANV081118 790 1$aMonk, James D.$zMonk, J. Donald$3VANV240761 790 1$aMonk, J. D.$zMonk, J. Donald$3VANV261454 790 1$aMonk, J.D.$zMonk, J. Donald$3VANV261455 801 $aIT$bSOL$c20260410$gRICA 856 4 $uhttp://dx.doi.org/10.1007/978-3-0348-0730-2$zE-book ? Accesso al full-text attraverso riconoscimento IP di Ateneo, proxy e/o Shibboleth 899 $aBIBLIOTECA CENTRO DI SERVIZIO SBA$2VAN15 912 $fN 912 $aVAN00103083 950 $aBIBLIOTECA CENTRO DI SERVIZIO SBA$d15CONS SBA EBOOK 4817 $e15EB 4817 20191107 996 $aCardinal invariants on boolean algebras$9375229 997 $aUNICAMPANIA